000 00633nam a22001815i 4500
001 170320
003 ES-MaACL
005 20230906214343.0
008 090224s1923 fr |||| | fre d
080 _a782.1
100 1 _aFranc-Nohain.
_952128
245 1 2 _aL'heure espagnole
_b: comédie bouffe /
_cFranc-Nohain ; [ornée par Maxime Dethomas].
260 _aParis :
_bSociété Littéraire de France,
_c1923.
300 _a48 p., [5] h. de lám. ;
_c23 cm.
650 1 4 _aÓperas-
_vLibretos.
_9137584
700 1 _aDethomas, Maxime.
_9139513
852 _aES-MaACL
_j2249-F-12
_9R.140884
_z.- Biblioteca Jacinto Martínez Lacalle
999 _c170320
_d170320